000 01029nam a2200301 i 4500
001 47856
003 ES-MaACL
005 20250801143533.0
007 t|
008 030613s1975 sp |||| | spa d
020 _a84-344-8312-2
080 _a82.01
080 _a860.09"19"
080 _a001(460)"18/19"
245 0 3 _aLa crisis de fin de siglo
_b: ideología y literatura : estudios en memoria de R. Pérez de la Dehesa /
_cJ.L. Abellán ... [et al.].
260 _aBarcelona :
_bAriel,
_c1975.
300 _a308 p. ;
_c21 cm.
490 1 _aLetras e ideas ;
_v9
504 _aBibliografía: p. 304-305.
600 1 4 _aPérez de la Dehesa, Rafael-
_vHomenajes.
_990782
650 1 7 _aLiteratura y sociedad
_2embne
_914679
650 4 _aLiteratura española-
_yS.XIX-
_xHistoria y crítica.
_914568
651 4 _aEspaña-
_xVida intelectual-
_yS.XIX.
_9138445
700 1 _aAbellán, José Luis,
_d1933-2023
_9176509
830 1 _aLetras e ideas ;
_v9
_9176527
852 _aES-MaACL
_jE-10014
999 _c47856
_d47856